000 00740nam a2200181Ia 4500
008 090124s9999 xx 000 0 und d
082 _b30431
_a1780
100 _aपेण्ढारकर य. दि. (यशवन्त दिनकर)
245 _a समर्थ रामदास : एक अभ्यास
250 _a2
260 _c1999
300 _a256
600 _aपेण्ढारकर य. दि. (यशवन्त दिनकर)
630 _a समर्थ रामदास : एक अभ्यास
700 _aपेण्ढारकर य. दि. (यशवन्त दिनकर)
730 _a समर्थ रामदास : एक अभ्यास
942 _cBOOK
999 _c143912
_d143912